| 000 | 00703cam a2200241 i 4500 | ||
|---|---|---|---|
| 008 | |||
| 020 | _a9781846289897 (pbk.) | ||
| 049 | _aMAIN | ||
| 090 | 0 |
_aRC271 _bPRI |
|
| 100 | 1 | _aPriestman, Terry. | |
| 245 | 1 | 0 |
_aCancer chemotherapy in clinical practice / _cTerry Priestman. |
| 260 |
_aLondon : _bSpringer, _cc2008. |
||
| 300 |
_ax,129 p. : _bill (some col). ; _c21 cm. |
||
| 504 | _aIncludes bibliographical references. | ||
| 500 | _aIncludes index. | ||
| 650 | _aChemotherapy. | ||
| 650 | 0 | _aCancer-Chemotherapy. | |
| 907 |
_a.b10288399 _b10-01-11 _c06-12-10 |
||
| 003 | |||
| 005 | 20230120204037.0 | ||
| 040 | _cNUST | ||
| 942 |
_cBOOKS _kRC271 _mPRI |
||
| 999 |
_c116117 _d116117 |
||